000 00765nam a2200229Ia 4500
003 OSt
005 20220923223353.0
006 a|||||r|||| 00| 0
007 ta
008 220922b |||||||| |||| 00| 0 hin d
024 _a214,113
037 _cTextual
040 _aARTS
_cARTS
_bhin
041 _2hin
_ahin
082 _aV2y7N07, 152P3.1-.3
100 _aव्यास, राजशेखर
_9156279
245 0 _aमै भगतसिंह बोल रहा हूॅं
246 _aMai bhagatasianha bol rahā hūॅan
260 _aनई दिल्ली
_b प्रवीण प्रकाशन
_c2003
942 _hV2y7N07, 152P3.1-.3
_cTEXL
_2CC
999 _c364223
_d364223